Ley agraria /

Contenido: 1) Ley Agraria; 2) Reglamento de la Ley Agraria en Materia de Certificación de Derechos Ejidales y Titulación de Solares; 3) Reglamento Interior de la Secretaría de la Reforma Agraria; 4) Ley Orgánica de los Tribunales Agrarios.

Guardat en:
Dades bibliogràfiques
Autor corporatiu: México
Format: Llibre
Idioma:espanyol
Publicat: México : Delma, 2001, c2001
Matèries:
Etiquetes: Afegir etiqueta
Sense etiquetes, Sigues el primer a etiquetar aquest registre!

MARC

LEADER 00000nam^a2200000^a^4500
001 000136249
005 20250521000000.0
009 20260310095311.926
037 |a Acervo ITESO - Biblioteca 
041 |a ESP 
082 |a 346. 72074  |b MEX 2001 
110 |a México 
240 1 1 |a [Ley Agraria] 
240 1 1 |a [Reglamento de la Ley Agraria en Materia de Certificación de Derechos Ejidales y Titulación de Solares] 
240 1 1 |a [Reglamento Interior de la Secretaría de la Reforma Agraria] 
240 1 1 |a [Ley Orgánica de los Tribunales Agrarios] 
245 1 0 |a Ley agraria / 
264 4 |a México :  |b Delma,  |c 2001, c2001 
300 |a 116 p. 
336 |a texto  |b txt  |2 rdacontenido 
337 |a sin mediación  |b n  |2 rdamedio 
338 |a volumen  |b nc  |2 rdasoporte 
520 |a Contenido: 1) Ley Agraria; 2) Reglamento de la Ley Agraria en Materia de Certificación de Derechos Ejidales y Titulación de Solares; 3) Reglamento Interior de la Secretaría de la Reforma Agraria; 4) Ley Orgánica de los Tribunales Agrarios. 
649 |a XX 
650 |a Ministerios de Agricultura -  |z México -  |x Leyes y Reglamentos 
650 |a Ministerios de Estado -  |z México -  |x Leyes y Reglamentos 
650 |a Derecho Agrario -  |z México -  |x Leyes y Reglamentos -  |x Tema Principal 
650 |a Derecho Social -  |z México -  |x Leyes y Reglamentos 
650 |a Derecho Administrativo -  |z México -  |x Leyes y Reglamentos 
650 |a Derecho Público -  |z México -  |x Leyes y Reglamentos 
650 |a México -  |x Leyes y Reglamentos 
910 |a Fondo General 
920 |a Impresos - Libros 
930 |a Colección General 
905 |a 101 
901 |a 0500065012  |b IT1  |c ACC  |u 20250521 
902 |a https://opac.biblio.iteso.mx/vufind/Record/000136249